000 00624cam a2200181 a 4500
020 _a9280725750
020 _a9789280725759
050 0 0 _aKQC653
_b.H94 2005
245 0 0 _aHydropolitical vulnerability and resilience along international waters :
_bAfrica /
_cUNEP ... [et al.].
260 _aNairobi, Kenya :
_bUnited Nations Environment Programme,
_c2005.
300 _axvi, 148 p. :
650 0 _xLaw and legislation
650 0 _xLaw and legislation
650 0 _xLaw and legislation
856 4 1 _uhttp://www.loc.gov/catdir/toc/fy0803/2007381884.html
856 4 1 _uhttp://www.acwr.co.za/pdf_files/03.pdf
942 _cGEN
999 _c3378
_d3378